[Event "4NCL/Div2/PER-GD"]
[Site "Rd2-Birmingham"]
[Date "1999.10.10"]
[Round "2.4"]
[White "Walden-Jones, Andrew"]
[Black "Taylor, Martin"]
[Result "1-0"]
[WhiteElo "2159"]
[BlackElo "2143"]
[PlyCount "95"]
[EventDate "1999.10.10"]
[Source "Britbase"]
[SourceDate "2000.01.01"]

1. e4 e5 2. Nf3 Nc6 3. Bb5 a6 4. Ba4 Nf6 5. Qe2 Be7 6. O-O b5 7. Bb3 d6 8. c3
O-O 9. h3 Na5 10. Bc2 c5 11. Rd1 Qc7 12. d3 Re8 13. Nbd2 Bb7 14. Nf1 g6 15.
N3h2 d5 16. g4 c4 17. f3 cxd3 18. Bxd3 Bc5+ 19. Kg2 Nc4 20. Ng3 Bf8 21. g5 Nd7
22. exd5 Bxd5 23. Be4 Bxe4 24. Nxe4 Bg7 25. Ng4 Re6 26. Qd3 Ncb6 27. Be3 Kh8
28. Bxb6 Nxb6 29. Ngf6 h5 30. Qe2 Nc4 31. Rd7 Qb6 32. Rxf7 Rd8 33. b3 Nd6 34.
Rd7 Bxf6 35. Nxf6 Rxd7 36. Nxd7 Qc7 37. Nf8 Re8 38. Nxg6+ Kg7 39. Nh4 Qxc3 40.
Rd1 Nf7 41. g6 Ng5 42. Rd7+ Kh6 43. g7 Ne6 44. Qe4 Nf4+ 45. Kg3 Qc8 46. Qf5 Qc6
47. Rf7 Ne2+ 48. Kh2 1-0

[Event "4NCL/Div2/PER-GD"]
[Site "Rd2-Birmingham"]
[Date "1999.10.10"]
[Round "2.5"]
[White "Player, Edmund"]
[Black "Miles, Richard"]
[Result "0-1"]
[WhiteElo "2105"]
[BlackElo "2072"]
[PlyCount "80"]
[EventDate "1999.10.10"]
[Source "Britbase"]
[SourceDate "2000.01.01"]

1. e4 c5 2. Nc3 Nc6 3. Bb5 Nd4 4. Bc4 e6 5. Nf3 Ne7 6. O-O a6 7. a4 d5 8. Ba2
Nxf3+ 9. Qxf3 d4 10. Ne2 Ng6 11. d3 Be7 12. Qh5 Bd7 13. Bb3 Qc7 14. f4 O-O-O
15. Bd2 Kb8 16. a5 Bb5 17. Ba4 Bxa4 18. Rxa4 Ka8 19. Rc4 f5 20. e5 Rd5 21. Rb1
b5 22. axb6 Qxb6 23. Ra4 Ka7 24. b3 Ka8 25. Rba1 Ka7 26. Ng3 Kb7 27. Qd1 Ra8
28. Nf1 Nf8 29. Be1 h6 30. Nd2 g5 31. g3 gxf4 32. gxf4 Ng6 33. Nc4 Qb5 34. Na5+
Kc7 35. Nc4 Nxf4 36. Ba5+ Kb7 37. b4 Rg8+ 38. Kh1 Nh3 39. Qf3 Qxa4 40. Rc1 Ng5
0-1

[Event "4NCL/Div2/PER-GD"]
[Site "Rd2-Birmingham"]
[Date "1999.10.10"]
[Round "2.6"]
[White "Fletcher, John"]
[Black "Frost, Nick"]
[Result "0-1"]
[WhiteElo "2100"]
[BlackElo "2040"]
[PlyCount "102"]
[EventDate "1999.10.10"]
[Source "Britbase"]
[SourceDate "2000.01.01"]

1. d4 e6 2. e4 d5 3. Nc3 Nf6 4. Bg5 Be7 5. e5 Nfd7 6. Bxe7 Qxe7 7. f4 a6 8. Qd2
b6 9. Nf3 c5 10. Ne2 Nc6 11. c3 Bb7 12. g3 f5 13. Rg1 g6 14. g4 O-O-O 15. gxf5
gxf5 16. Ng3 Rhg8 17. Bd3 Kb8 18. Kf2 h6 19. Rg2 Rg4 20. Rag1 Rdg8 21. h3 R4g6
22. Kf1 R6g7 23. a3 Qe8 24. Qf2 c4 25. Bc2 Kc7 26. Bd1 b5 27. Nd2 a5 28. Nh5
Rxg2 29. Rxg2 Qf8 30. Rxg8 Qxg8 31. Qg2 Qxg2+ 32. Kxg2 Kd8 33. Ng7 Ke7 34. Bh5
Nb6 35. Bd1 b4 36. Bc2 Bc8 37. axb4 axb4 38. Nb1 b3 39. Bd1 Na4 40. Kf2 Nxb2
41. Be2 Bd7 42. Nh5 Na7 43. Ke3 Na4 44. Ng3 Nb5 45. Kd2 b2 46. Kc2 Nbxc3 47.
Nxc3 Nxc3 48. Kxb2 Nb5 49. Bd1 Nxd4 50. Kc3 Nc6 51. Ba4 Nxe5 0-1

[Event "4NCL/Div2/PER-GD"]
[Site "Rd2-Birmingham"]
[Date "1999.10.10"]
[Round "2.7"]
[White "Gilbert, Jessie"]
[Black "Blackburn, Jonathan"]
[Result "1-0"]
[WhiteElo "2050"]
[BlackElo "1981"]
[PlyCount "151"]
[EventDate "1999.10.10"]
[Source "Britbase"]
[SourceDate "2000.01.01"]

1. d4 e6 2. c4 Nf6 3. Nc3 Bb4 4. Nf3 b6 5. g3 Bb7 6. Bg2 O-O 7. O-O c5 8. e3 d5
9. cxd5 exd5 10. Bd2 Nbd7 11. Ne2 Bxd2 12. Qxd2 Ne4 13. Qc2 Rc8 14. Qd3 Qe7 15.
Rac1 a5 16. Nc3 Nxc3 17. bxc3 c4 18. Qc2 b5 19. Rb1 Bc6 20. Nd2 Nf6 21. Rfe1
Ne4 22. f3 Nxd2 23. Qxd2 f5 24. Qc2 Rce8 25. Re2 Qa3 26. Qb2 Qxb2 27. Rbxb2 b4
28. cxb4 c3 29. Rb1 axb4 30. Rxb4 Rb8 31. a3 Rxb4 32. axb4 Ba4 33. Re1 Rb8 34.
f4 Bb3 35. Rc1 c2 36. Bf1 Ra8 37. Bd3 Ra2 38. Bxf5 Rb2 39. Bd3 Ba4 40. Kf2 h6
41. Ke1 Kf7 42. b5 Bxb5 43. Bxb5 Rxb5 44. Rxc2 Rb1+ 45. Kd2 Rh1 46. Kd3 Rd1+
47. Rd2 Ra1 48. Rc2 Rd1+ 49. Ke2 Rh1 50. Kf3 Rf1+ 51. Rf2 Re1 52. Re2 Rd1 53.
h4 Kf6 54. Ra2 Rf1+ 55. Kg2 Re1 56. Kf2 Rb1 57. Ra5 Ke6 58. Ra7 g6 59. Ra6+ Kf7
60. Rd6 Rb5 61. h5 g5 62. fxg5 hxg5 63. Rg6 Ra5 64. Rxg5 Kf6 65. Rg6+ Kf7 66.
g4 Ra2+ 67. Kf3 Ra1 68. Kf4 Re1 69. g5 Rh1 70. Rf6+ Kg7 71. h6+ Kh7 72. Rf7+
Kh8 73. Kf5 Ra1 74. g6 Kg8 75. h7+ Kh8 76. Rf8+ 1-0

[Event "4NCL/Div2/PER-GD"]
[Site "Rd2-Birmingham"]
[Date "1999.10.10"]
[Round "2.8"]
[White "Blackburn, Suzie"]
[Black "Klein, Bernhard"]
[Result "0-1"]
[WhiteElo "1492"]
[BlackElo "1880"]
[PlyCount "88"]
[EventDate "1999.10.10"]
[Source "Britbase"]
[SourceDate "2000.01.01"]

1. d4 Nf6 2. Nf3 e6 3. Bg5 Be7 4. e3 b6 5. Bd3 Bb7 6. Nbd2 d5 7. Ne5 a6 8. O-O
Ne4 9. Bxe7 Qxe7 10. Bxe4 dxe4 11. Qg4 g6 12. Qf4 g5 13. Qg4 h5 14. Qe2 g4 15.
Nec4 Nd7 16. Rfb1 Nf6 17. b4 Nd5 18. Rb2 f5 19. Ne5 Qg5 20. Nf1 h4 21. c4 Nf6
22. a4 Nd7 23. Nxd7 Kxd7 24. c5 Qe7 25. Rc1 Bd5 26. Qc2 b5 27. a5 c6 28. Qe2
Rag8 29. Nd2 Qg5 30. Nb1 Rh6 31. Na3 Rf6 32. g3 Rh6 33. Qf1 hxg3 34. hxg3 Rgh8
35. Qg2 Qh5 36. Kf1 Qh1+ 37. Qxh1 Rxh1+ 38. Ke2 Rxc1 39. Rb1 Rhh1 40. Rxc1 Rxc1
41. Kd2 Rf1 42. Ke2 Ra1 43. Nc2 Ra2 44. Kd1 Bb3 0-1

[Event "4NCL/Div2/SWD-WES"]
[Site "Rd2-Birmingham"]
[Date "1999.10.10"]
[Round "2.1"]
[White "Cobb, James"]
[Black "Rossiter, Philip"]
[Result "1-0"]
[WhiteElo "2349"]
[BlackElo "2369"]
[PlyCount "81"]
[EventDate "1999.10.10"]
[Source "Britbase"]
[SourceDate "2000.01.01"]

1. e4 c5 2. Nf3 e6 3. Nc3 a6 4. d4 cxd4 5. Nxd4 Qc7 6. Be2 Bc5 7. Be3 Nf6 8.
Qd2 d6 9. Nb3 Bb4 10. Bf3 Nbd7 11. Qd4 Bxc3+ 12. bxc3 Ne5 13. Be2 Nc6 14. Qd3
Ne5 15. Qd4 Bd7 16. f4 Neg4 17. Bd2 e5 18. Qd3 Qb6 19. Qf3 exf4 20. Qxf4 O-O
21. h3 Ne5 22. Nd4 Rae8 23. O-O Ng6 24. Qf3 Nxe4 25. Be1 Bc6 26. Qd3 Qc5 27.
Kh1 Qe5 28. Rf5 Qe7 29. Bf3 Bd7 30. Rd5 Nc5 31. Qd2 Ne5 32. Bg3 Nxf3 33. gxf3
Rd8 34. Bxd6 Qh4 35. Bxf8 b6 36. Bxc5 bxc5 37. Nc6 Qxh3+ 38. Kg1 Qxf3 39. Nxd8
Qg3+ 40. Qg2 Qe3+ 41. Qf2 1-0

[Event "4NCL/Div2/SWD-WES"]
[Site "Rd2-Birmingham"]
[Date "1999.10.10"]
[Round "2.2"]
[White "Simons, Martin"]
[Black "Cooper, John G"]
[Result "1/2-1/2"]
[WhiteElo "2264"]
[BlackElo "2344"]
[PlyCount "92"]
[EventDate "1999.10.10"]
[Source "Britbase"]
[SourceDate "2000.01.01"]

1. d4 d5 2. Nf3 c5 3. g3 Nf6 4. Bg2 e6 5. O-O Be7 6. c4 O-O 7. cxd5 exd5 8.
dxc5 Bxc5 9. Nbd2 Nc6 10. Nb3 Bb6 11. Nbd4 Re8 12. Re1 Bg4 13. Be3 Qd7 14. Qd3
Ne4 15. Red1 Rad8 16. Rac1 h6 17. a3 Nd6 18. Nxc6 bxc6 19. Bxb6 axb6 20. e3 Nc4
21. Qc3 Qf5 22. Nd4 Qf6 23. Nxc6 Qxc6 24. Rd4 Qe6 25. e4 Nd6 26. exd5 Qg6 27.
Qb4 h5 28. h3 Be2 29. Rc6 Qb1+ 30. Kh2 Nf5 31. Rf4 Ne7 32. Rd6 Rxd6 33. Qxd6
Ng6 34. Qd7 Re7 35. Qd8+ Kh7 36. d6 Ra7 37. Be4 Bd3 38. Rh4 Ra5 39. Qxb6 Bxe4
40. Rxe4 Qxe4 41. Qxa5 Ne5 42. d7 Nf3+ 43. Kg2 Nd2+ 44. Kh2 Nf3+ 45. Kg2 Nd2+
46. Kh2 Nf3+ 1/2-1/2

[Event "4NCL/Div2/SWD-WES"]
[Site "Rd2-Birmingham"]
[Date "1999.10.10"]
[Round "2.3"]
[White "James, David J"]
[Black "Upton, Ian"]
[Result "1/2-1/2"]
[WhiteElo "2252"]
[BlackElo "2238"]
[PlyCount "41"]
[EventDate "1999.10.10"]
[Source "Britbase"]
[SourceDate "2000.01.01"]

1. d4 e6 2. c4 f5 3. Nf3 Nf6 4. g3 Bb4+ 5. Bd2 Be7 6. Nc3 d5 7. Bg2 O-O 8. O-O
c6 9. b3 b6 10. Bf4 Bb7 11. Rc1 Na6 12. cxd5 exd5 13. Bh3 Ne8 14. Ne5 Ba3 15.
Rc2 Bd6 16. Qd2 Nec7 17. Nd3 Ne6 18. Bxd6 Qxd6 19. Nf4 Nac7 20. Nxe6 Nxe6 21.
e3 1/2-1/2

[Event "4NCL/Div2/SWD-WES"]
[Site "Rd2-Birmingham"]
[Date "1999.10.10"]
[Round "2.4"]
[White "Yeo, Michael"]
[Black "Saunders, John"]
[Result "1-0"]
[WhiteElo "2201"]
[BlackElo "2200"]
[PlyCount "117"]
[EventDate "1999.10.10"]
[Source "Britbase"]
[SourceDate "2000.01.01"]

1. e4 g6 2. d4 Bg7 3. Nc3 d6 4. f4 Nd7 5. Nf3 c6 6. Be3 a6 7. a4 e6 8. Bd3 Ne7
9. O-O d5 10. e5 h5 11. Bf2 Qc7 12. Ne2 c5 13. c3 c4 14. Bc2 Nf5 15. b3 cxb3
16. Bxb3 Nb6 17. a5 Nc4 18. Bxc4 Qxc4 19. Nd2 Qc7 20. c4 Bd7 21. cxd5 exd5 22.
Qb3 Bc6 23. Nc3 Qd7 24. Rfe1 O-O 25. Qd1 Rfe8 26. g4 hxg4 27. Qxg4 Qe6 28. h3
Bf8 29. Nf3 Ng7 30. Ng5 Qxg4+ 31. hxg4 Ne6 32. Nh3 Nc7 33. Re3 Bd7 34. Rg3 Be7
35. f5 Bh4 36. Rg2 Bxf2+ 37. Kxf2 Kf8 38. fxg6 fxg6 39. Nf4 g5 40. Nh5 Be6 41.
Nf6 Re7 42. Rh1 Rg7 43. Rh8+ Bg8 44. Rgh2 Kf7 45. Ke3 Rd8 46. R2h6 Ke7 47.
Nxg8+ Rdxg8 48. Rxg8 Rxg8 49. Rb6 Rh8 50. Rxb7 Rh3+ 51. Kd2 Kd8 52. Rb6 Rg3 53.
Rd6+ Ke8 54. Nxd5 Nb5 55. Rxa6 Nxd4 56. e6 Nxe6 57. Rxe6+ Kf7 58. Re7+ Kf8 59.
Ne3 1-0

[Event "4NCL/Div2/SWD-WES"]
[Site "Rd2-Birmingham"]
[Date "1999.10.10"]
[Round "2.5"]
[White "Roberts, David"]
[Black "Neil, David"]
[Result "1-0"]
[WhiteElo "2167"]
[BlackElo "2244"]
[PlyCount "51"]
[EventDate "1999.10.10"]
[Source "Britbase"]
[SourceDate "2000.01.01"]

1. e4 Nf6 2. e5 Nd5 3. d4 d6 4. Nf3 dxe5 5. Nxe5 g6 6. c4 Nf6 7. Nc3 Bg7 8. Be3
Nbd7 9. Qa4 c6 10. Rd1 Qc7 11. f4 O-O 12. Be2 c5 13. Nb5 Qb8 14. O-O a6 15. Nc3
Qc7 16. Bf3 Rd8 17. b4 cxd4 18. Bxd4 Nf8 19. Nd5 Nxd5 20. cxd5 Nd7 21. Rfe1
Nxe5 22. fxe5 Bh6 23. d6 Qd7 24. dxe7 Qxe7 25. Bc5 Rxd1 26. Bxe7 1-0

[Event "4NCL/Div2/SWD-WES"]
[Site "Rd2-Birmingham"]
[Date "1999.10.10"]
[Round "2.6"]
[White "Howard, Emily"]
[Black "Binks, Michael"]
[Result "0-1"]
[WhiteElo "2037"]
[BlackElo "2118"]
[PlyCount "78"]
[EventDate "1999.10.10"]
[Source "Britbase"]
[SourceDate "2000.01.01"]

1. e4 e5 2. Nf3 Nc6 3. Nc3 Nf6 4. d4 exd4 5. Nxd4 d6 6. Bg5 Be7 7. Nxc6 bxc6 8.
Bd3 Rb8 9. Qc1 h6 10. Be3 c5 11. h3 Bd7 12. O-O Qc8 13. Nd5 Nxd5 14. exd5 Bf6
15. Re1 O-O 16. Rb1 Bf5 17. Bxf5 Qxf5 18. c4 Rfe8 19. Qd2 Re4 20. b3 Rxc4 21.
bxc4 Rxb1 22. Rxb1 Qxb1+ 23. Kh2 Qe4 24. Qc1 Bd4 25. Qa3 f5 26. Qb3 Kh7 27. Kg1
c6 28. Bxd4 cxd4 29. f3 Qe1+ 30. Kh2 cxd5 31. c5 Qe5+ 32. f4 Qxf4+ 33. g3 Qf2+
34. Kh1 dxc5 35. Qxd5 Qf1+ 36. Kh2 d3 37. g4 Qf2+ 38. Kh1 Qe1+ 39. Kh2 Qe4 0-1

[Event "4NCL/Div2/SWD-WES"]
[Site "Rd2-Birmingham"]
[Date "1999.10.10"]
[Round "2.7"]
[White "Cast, Abigail"]
[Black "White, Graham"]
[Result "1/2-1/2"]
[WhiteElo "2119"]
[BlackElo "2048"]
[PlyCount "38"]
[EventDate "1999.10.10"]
[Source "Britbase"]
[SourceDate "2000.01.01"]

1. d4 c5 2. c3 b6 3. Nf3 Bb7 4. Bf4 Nf6 5. e3 g6 6. Nbd2 Bg7 7. Bd3 d6 8. O-O
O-O 9. Re1 Nbd7 10. h3 Re8 11. Bh2 e5 12. dxe5 Nxe5 13. Nxe5 dxe5 14. Bc2 Qd5
15. e4 Qc6 16. Nc4 Rad8 17. Qf3 Nh5 18. Rad1 Qc7 19. Qe3 Nf4 1/2-1/2

[Event "4NCL/Div2/SWD-WES"]
[Site "Rd2-Birmingham"]
[Date "1999.10.10"]
[Round "2.8"]
[White "Pleasants, Allan"]
[Black "Cast, Jason"]
[Result "1/2-1/2"]
[WhiteElo "2072"]
[BlackElo "1848"]
[PlyCount "82"]
[EventDate "1999.10.10"]
[Source "Britbase"]
[SourceDate "2000.01.01"]

1. Nf3 d5 2. d4 Nf6 3. c4 c6 4. Nc3 Bf5 5. e3 e6 6. Be2 Nbd7 7. O-O Bd6 8. Qb3
Qb6 9. Qxb6 axb6 10. Nh4 Bc2 11. Bd2 h6 12. Rac1 Bh7 13. a3 O-O 14. f4 Rfe8 15.
Nf3 Ne4 16. Nxe4 Bxe4 17. Ne5 Bxe5 18. fxe5 f6 19. cxd5 exd5 20. Bg4 Rad8 21.
Bxd7 Rxd7 22. exf6 g6 23. Bb4 Kf7 24. Be7 h5 25. Kf2 Bd3 26. Rfd1 Be4 27. Rg1
g5 28. h3 Ra8 29. Rh1 Ra5 30. h4 g4 31. Rhg1 Rc7 32. Kg3 Rc8 33. Kf4 Rca8 34.
Ke5 Rb5 35. b4 Rxa3 36. Ra1 Rxe3 37. Kf4 Re2 38. Ra8 Bh7 39. Rf8+ Kg6 40. Ra1
c5 41. Rb1 Re4+ 1/2-1/2

[Event "4NCL/Div2/TWR-BIG2"]
[Site "Rd2-Birmingham"]
[Date "1999.10.10"]
[Round "2.1"]
[White "Waters, Clive"]
[Black "Mason, Don"]
[Result "0-1"]
[WhiteElo "2158"]
[BlackElo "2284"]
[PlyCount "64"]
[EventDate "1999.10.10"]
[Source "Britbase"]
[SourceDate "2000.01.01"]

1. Nf3 Nf6 2. d4 g6 3. Nc3 d5 4. Bf4 Bg7 5. e3 Bg4 6. Qd3 c6 7. Ne5 Bf5 8. Qd2
O-O 9. Be2 Nfd7 10. Nxd7 Nxd7 11. g4 Be6 12. O-O-O b5 13. Rdg1 Qa5 14. h4 b4
15. Nb1 Qxa2 16. h5 a5 17. hxg6 fxg6 18. Bd3 Nc5 19. f3 Rxf4 20. Qh2 Nxd3+ 21.
cxd3 h6 22. Qxf4 c5 23. Rh2 cxd4 24. Rc2 Rf8 25. Qh2 dxe3 26. Rc6 Rxf3 27. Rc2
b3 28. Re2 Rf8 29. Rxe3 Rc8+ 30. Nc3 Rxc3+ 31. Kd1 Qb1+ 32. Ke2 Qxb2+ 0-1

[Event "4NCL/Div2/TWR-BIG2"]
[Site "Rd2-Birmingham"]
[Date "1999.10.10"]
[Round "2.2"]
[White "Georghiou, Paul"]
[Black "Mogasha, Chilipi"]
[Result "1-0"]
[WhiteElo "2243"]
[BlackElo "2200"]
[PlyCount "49"]
[EventDate "1999.10.10"]
[Source "Britbase"]
[SourceDate "2000.01.01"]

1. e4 c5 2. Nc3 d6 3. f4 e6 4. Nf3 Nc6 5. Bb5 Bd7 6. O-O Be7 7. d3 Qc7 8. a4
Nf6 9. Kh1 Rc8 10. Be3 Qb6 11. Rb1 Qa5 12. Bc4 Qb4 13. Bd2 Qb6 14. e5 Ng8 15.
exd6 Bxd6 16. f5 Nd8 17. Ng5 Nf6 18. fxe6 Nxe6 19. Nxf7 Kxf7 20. Nd5 Qd8 21.
Rxf6+ gxf6 22. Qh5+ Kf8 23. Rf1 Be7 24. Bh6+ Kg8 25. Rf3 1-0

[Event "4NCL/Div2/TWR-BIG2"]
[Site "Rd2-Birmingham"]
[Date "1999.10.10"]
[Round "2.3"]
[White "Hadzimanolis, Antonios"]
[Black "Jobe, Mopati"]
[Result "1-0"]
[WhiteElo "2198"]
[BlackElo "2180"]
[PlyCount "75"]
[EventDate "1999.10.10"]
[Source "Britbase"]
[SourceDate "2000.01.01"]

1. e4 e6 2. d4 d5 3. e5 c5 4. c3 Nc6 5. Nf3 cxd4 6. cxd4 f6 7. Bb5 Bd7 8. Nc3
Qb6 9. Bxc6 bxc6 10. O-O fxe5 11. Nxe5 Nf6 12. Bg5 Be7 13. Na4 Qc7 14. Bxf6
Bxf6 15. f4 O-O 16. Nc5 Bc8 17. Rc1 Rb8 18. Qd2 Be7 19. Nxe6 Bxe6 20. Rxc6 Qb7
21. Rxe6 Bf6 22. b3 Rbc8 23. Rc1 Rxc1+ 24. Qxc1 Qb4 25. Qe3 Rc8 26. Rc6 Re8 27.
Rc5 Qa3 28. Qd2 Rd8 29. h3 h6 30. Ra5 Qd6 31. Rxa7 Re8 32. Qd3 Qb6 33. Ra6 Qd8
34. Ng4 Re1+ 35. Kh2 Re4 36. Nxf6+ gxf6 37. Qg3+ Kf7 38. f5 1-0

[Event "4NCL/Div2/TWR-BIG2"]
[Site "Rd2-Birmingham"]
[Date "1999.10.10"]
[Round "2.3"]
[White "White, Mark"]
[Black "Thomas, Nick"]
[Result "1/2-1/2"]
[WhiteElo "2144"]
[BlackElo "2215"]
[PlyCount "96"]
[EventDate "1999.10.10"]
[Source "Britbase"]
[SourceDate "2000.01.01"]

1. e4 e6 2. d4 d5 3. e5 c5 4. c3 Nc6 5. Nf3 Qb6 6. a3 Nh6 7. b4 cxd4 8. cxd4
Nf5 9. Be3 Bd7 10. Nc3 Be7 11. Na4 Qd8 12. Bd3 Nxe3 13. fxe3 f5 14. exf6 Bxf6
15. O-O O-O 16. Nc5 b6 17. Nb3 Ne7 18. Qe2 Rc8 19. Rac1 Ba4 20. Nbd2 Nf5 21. g4
Nd6 22. Qg2 g6 23. Qg3 Bb5 24. Rxc8 Qxc8 25. Qxd6 Bxd3 26. Rf2 Bg7 27. Kg2 Rd8
28. Qe7 Qd7 29. Qh4 Rf8 30. Ne5 Rxf2+ 31. Qxf2 Bxe5 32. dxe5 Qf7 33. Qxf7+ Kxf7
34. h4 g5 35. hxg5 Kg6 36. Kg3 Kxg5 37. Nf3+ Kg6 38. Nd4 Kf7 39. Kf4 h6 40. Nc6
a6 41. Nd8+ Ke7 42. Nb7 Bg6 43. Nd6 Kd7 44. Kf3 Kc6 45. Ke2 h5 46. gxh5 Bxh5+
47. Kd3 a5 48. Kd4 axb4 1/2-1/2

[Event "4NCL/Div2/TWR-BIG2"]
[Site "Rd2-Birmingham"]
[Date "1999.10.10"]
[Round "2.5"]
[White "Keely, Leo"]
[Black "Regan, Natasha"]
[Result "0-1"]
[WhiteElo "1976"]
[BlackElo "2184"]
[PlyCount "72"]
[EventDate "1999.10.10"]
[Source "Britbase"]
[SourceDate "2000.01.01"]

1. e4 Nf6 2. e5 Nd5 3. d4 d6 4. Nf3 dxe5 5. Nxe5 g6 6. Bc4 c6 7. O-O Bg7 8. c3
O-O 9. Nd2 Nd7 10. Ndf3 Nxe5 11. Nxe5 Be6 12. Qf3 c5 13. dxc5 Bxe5 14. Rd1 Nxc3
15. Rxd8 Raxd8 16. bxc3 Bxc4 17. Bh6 Rd3 18. Qg4 Rfd8 19. g3 Be6 20. Qa4 Bxc3
21. Rb1 Bd7 22. Qc2 Bc6 23. h4 Bf3 24. Kh2 Bd2 25. Bf4 Bxf4 26. gxf4 Rd2 27.
Qc3 R8d3 28. Qe5 Rxf2+ 29. Kg1 Re2 30. Qb8+ Kg7 31. Kf1 Rdd2 32. a4 Rf2+ 33.
Kg1 Rg2+ 34. Kf1 Rdf2+ 35. Ke1 Re2+ 36. Kf1 Rh2 0-1

[Event "4NCL/Div2/TWR-BIG2"]
[Site "Rd2-Birmingham"]
[Date "1999.10.10"]
[Round "2.6"]
[White "Evans, Raymond"]
[Black "Jones, Gawain"]
[Result "1-0"]
[WhiteElo "2176"]
[BlackElo "1928"]
[PlyCount "105"]
[EventDate "1999.10.10"]
[Source "Britbase"]
[SourceDate "2000.01.01"]

1. e4 c5 2. Nf3 d6 3. d4 cxd4 4. Nxd4 Nf6 5. Nc3 g6 6. g3 Bg7 7. Bg2 O-O 8. O-O
Bd7 9. h3 Nc6 10. Nde2 Rc8 11. a4 a6 12. Nd5 Nxd5 13. exd5 Ne5 14. Ra2 b5 15.
axb5 axb5 16. b3 Be8 17. Nd4 Qc7 18. Be3 Qc3 19. Ra7 Bd7 20. Ne2 Qxc2 21. f4
Bh6 22. Bf2 Rfd8 23. Nd4 Qxd1 24. Rxd1 Rc3 25. fxe5 dxe5 26. Nf3 e4 27. Ne5 Bf5
28. Rxe7 e3 29. Be1 e2 30. Ra1 Be3+ 31. Kh2 Bd4 32. Nxf7 Kf8 33. Rb7 Rd7 34.
Rxd7 Bxd7 35. Ng5 Rxb3 36. Ra2 Re3 37. Nf3 Bc5 38. Ng1 b4 39. Rxe2 Rxe2 40.
Nxe2 b3 41. Bc3 Ba3 42. Nd4 b2 43. Be4 Ke7 44. Nf3 Bf5 45. Bxf5 gxf5 46. Nd2
Kd7 47. Nb1 Bd6 48. Kg2 f4 49. g4 Bc5 50. Kf3 Kd6 51. Ke4 Be3 52. Bxb2 Kd7 53.
Be5 1-0

[Event "4NCL/Div2/TWR-BIG2"]
[Site "Rd2-Birmingham"]
[Date "1999.10.10"]
[Round "2.7"]
[White "Jones, Rupert"]
[Black "Bourne, James"]
[Result "0-1"]
[WhiteElo "1776"]
[BlackElo "2105"]
[PlyCount "50"]
[EventDate "1999.10.10"]
[Source "Britbase"]
[SourceDate "2000.01.01"]

1. e4 c6 2. d3 d5 3. Nc3 g6 4. g3 e5 5. Bg2 Be6 6. f4 exf4 7. Bxf4 Bg7 8. Nh3
Ne7 9. Nf2 Nd7 10. O-O O-O 11. Bd6 Nb6 12. Bc5 Qd7 13. a4 Rad8 14. a5 Nbc8 15.
exd5 cxd5 16. Na4 Qc7 17. Bb4 b6 18. axb6 axb6 19. Qc1 Rfe8 20. Nh3 Nf5 21. c3
d4 22. Nf4 Ne3 23. Rf2 Nxg2 24. Kxg2 Bd7 25. c4 Bxa4 0-1

[Event "4NCL/Div2/TWR-BIG2"]
[Site "Rd2-Birmingham"]
[Date "1999.10.10"]
[Round "2.8"]
[White "Howard, Marieanne"]
[Black "Barnes, Lara"]
[Result "1-0"]
[WhiteElo "1536"]
[BlackElo "1640"]
[PlyCount "137"]
[EventDate "1999.10.10"]
[Source "Britbase"]
[SourceDate "2000.01.01"]

1. d4 Nf6 2. c4 g6 3. Nc3 d5 4. Bf4 Bg7 5. e3 c5 6. Bxb8 Rxb8 7. Qa4+ Bd7 8.
Qxa7 cxd4 9. Qxd4 dxc4 10. Bxc4 Nh5 11. Qd2 Bc6 12. Qxd8+ Rxd8 13. f3 Bh6 14.
Ke2 O-O 15. Nh3 Bg7 16. Rad1 Rc8 17. Rc1 Bxf3+ 18. Kxf3 Rxc4 19. Nd5 Rxc1 20.
Nxe7+ Kh8 21. Rxc1 Bxb2 22. Rb1 Ba3 23. Rxb7 Nf6 24. Nc6 h6 25. Nf4 g5 26. Nd3
g4+ 27. Ke2 Nd5 28. Nde5 Kg7 29. Nxg4 Rc8 30. Nge5 Bd6 31. Nxf7 Kf6 32. Nxd6
Rxc6 33. Ne8+ Ke5 34. Kf3 Rc3 35. Rb3 Rc2 36. Rb5 Ke6 37. Ng7+ Kd6 38. a4 Kc6
39. Nf5 Rc3 40. Nd4+ Kd6 41. Rb3 Rc4 42. a5 Ra4 43. Nf5+ Kc7 44. Rb5 Kc6 45.
Rb3 Rxa5 46. Nxh6 Ra1 47. g4 Rh1 48. Kg2 Re1 49. Nf5 Kd7 50. Rd3 Ke6 51. Nd4+
Kf6 52. Nf3 Re2+ 53. Kf1 Rxe3 54. Rxd5 Rxf3+ 55. Kg2 Rc3 56. Rf5+ Kg6 57. h4
Rc2+ 58. Kg3 Rc3+ 59. Rf3 Rc4 60. h5+ Kg5 61. Rf5+ Kh6 62. Rf6+ Kg7 63. g5 Rc1
64. h6+ Kg8 65. g6 Rh1 66. g7 Rg1+ 67. Kf4 Kh7 68. Rf8 Rf1+ 69. Ke3 1-0

[Event "4NCL/Div2/WIT-BA2"]
[Site "Rd2-Birmingham"]
[Date "1999.10.10"]
[Round "2.1"]
[White "Devereaux, Max"]
[Black "Pritchett, Craig"]
[Result "1/2-1/2"]
[WhiteElo "2265"]
[BlackElo "2313"]
[PlyCount "82"]
[EventDate "1999.10.10"]
[Source "Britbase"]
[SourceDate "2000.01.01"]

1. d4 Nf6 2. c4 e6 3. Nc3 Bb4 4. e3 b6 5. Nge2 Ba6 6. Ng3 Bxc3+ 7. bxc3 d5 8.
Ba3 Bxc4 9. Bxc4 dxc4 10. Qa4+ Qd7 11. Qxc4 Qc6 12. Qxc6+ Nxc6 13. c4 O-O-O 14.
Rc1 Kb7 15. Ke2 Rhe8 16. Rhd1 g6 17. Bb2 e5 18. dxe5 Rxd1 19. Rxd1 Nxe5 20. f4
Ned7 21. Kf3 Re6 22. e4 Rd6 23. Rxd6 cxd6 24. e5 dxe5 25. fxe5 Ne8 26. Ne4 h6
27. h4 Kc6 28. g4 Nc5 29. Nxc5 Kxc5 30. Bc1 Kxc4 31. Bxh6 Kd5 32. Kf4 Nc7 33.
Kg5 Kxe5 34. Bg7+ Ke6 35. h5 gxh5 36. gxh5 Nd5 37. Bd4 f6+ 38. Kg4 Ne7 39. h6
Kf7 40. h7 Ng6 41. Kf5 Ne7+ 1/2-1/2

[Event "4NCL/Div2/WIT-BA2"]
[Site "Rd2-Birmingham"]
[Date "1999.10.10"]
[Round "2.2"]
[White "Rogers, Jonathan"]
[Black "Cooksey, Paul"]
[Result "1/2-1/2"]
[WhiteElo "2340"]
[BlackElo "2229"]
[PlyCount "48"]
[EventDate "1999.10.10"]
[Source "Britbase"]
[SourceDate "2000.01.01"]

1. d4 d5 2. c4 c6 3. Nc3 Nf6 4. e3 g6 5. Nf3 Bg7 6. Be2 O-O 7. O-O Bg4 8. Qb3
Qb6 9. cxd5 Qxb3 10. axb3 Nxd5 11. Nxd5 cxd5 12. h3 Bxf3 13. gxf3 Nc6 14. f4 e6
15. Bd2 a6 16. Rfc1 Rfc8 17. Kf1 Bf8 18. Ra4 Na7 19. Ke1 Rxc1+ 20. Bxc1 Rc8 21.
Kd1 Rc6 22. Bd2 Nc8 23. Ra1 Nd6 24. Bd3 Be7 1/2-1/2

[Event "4NCL/Div2/WIT-BA2"]
[Site "Rd2-Birmingham"]
[Date "1999.10.10"]
[Round "2.3"]
[White "Haydon, Richard"]
[Black "Lewis, Andrew P"]
[Result "0-1"]
[WhiteElo "2176"]
[BlackElo "2266"]
[PlyCount "96"]
[EventDate "1999.10.10"]
[Source "Britbase"]
[SourceDate "2000.01.01"]

1. Nf3 Nf6 2. d4 g6 3. c4 Bg7 4. g3 O-O 5. Bg2 d6 6. O-O Nbd7 7. Nc3 e5 8. e4
a5 9. h3 Re8 10. d5 Nc5 11. Ne1 Nfd7 12. Nd3 f5 13. Nxc5 Nxc5 14. exf5 gxf5 15.
Be3 b6 16. Qc2 Bd7 17. Kh2 h5 18. Qe2 h4 19. Qh5 Rf8 20. gxh4 Qe8 21. Qg5 Nd3
22. Rg1 Rf7 23. Bf1 Nxb2 24. Rb1 Na4 25. Nxa4 Bxa4 26. h5 f4 27. Bd2 Kh8 28.
Bd3 Qf8 29. h6 Bf6 30. Qh5 Re7 31. Rg7 Be8 32. Qf5 Rxg7 33. hxg7+ Qxg7 34. Rg1
Qh6 35. Qe6 Bg7 36. Qg4 Rd8 37. Bf5 Bh5 38. Qg2 Rf8 39. Be6 Be2 40. Qe4 Bh5 41.
Qg2 Qf6 42. Qe4 Bf7 43. Bd7 Bg8 44. Qg2 Bh7 45. Bg4 e4 46. Be6 Qd4 47. Be1 f3
48. Qg4 e3 0-1

[Event "4NCL/Div2/WIT-BA2"]
[Site "Rd2-Birmingham"]
[Date "1999.10.10"]
[Round "2.4"]
[White "Palliser, Richard"]
[Black "Rose, Matthew"]
[Result "1-0"]
[WhiteElo "2253"]
[BlackElo "2153"]
[PlyCount "97"]
[EventDate "1999.10.10"]
[Source "Britbase"]
[SourceDate "2000.01.01"]

1. d4 Nf6 2. c4 g6 3. Nc3 Bg7 4. e4 d6 5. Nf3 O-O 6. Be2 e5 7. d5 a5 8. Bg5 h6
9. Bh4 Na6 10. Nd2 Qe8 11. O-O Nh7 12. a3 Bd7 13. Kh1 f5 14. exf5 Bxf5 15. f3
h5 16. Nde4 Bh6 17. Rb1 Nc5 18. Nxc5 dxc5 19. Bd3 Be3 20. d6 cxd6 21. Nd5 Bd4
22. Nc7 Qf7 23. Nxa8 Rxa8 24. Qc2 Nf8 25. f4 Bxd3 26. Qxd3 exf4 27. Rbe1 Ne6
28. Qe4 Be5 29. g3 Ng7 30. Bg5 Bxb2 31. Rxf4 Nf5 32. Rf3 Be5 33. Rb3 Nd4 34.
Rbe3 Rf8 35. Bf4 Bxf4 36. gxf4 b5 37. cxb5 d5 38. Qd3 Nf5 39. Re5 Rd8 40. Qe2
Kh7 41. Re8 Rd7 42. Qe5 Qg7 43. Rc8 d4 44. b6 d3 45. Rc7 c4 46. Qxg7+ Rxg7 47.
Rxg7+ Kxg7 48. b7 d2 49. Rg1 1-0